000 00250nam a2200097Ia 4500
001 1180707
005 20250827020801.0
008 250824s9999 xx 000 0 und d
245 0 _aBİR DİLEK TUT (B5)
_cYILMAZ ERDOĞAN
260 _bGENÇ TİMAŞ YAY.
999 _c1180707
_d1180707